[Event "Dhaka IRT U2000"]
[Site "Dhaka"]
[Date "2018.02.17"]
[Round "4"]
[White "Ghosh, Sumon Kumar"]
[Black "Islam, Kazi Taherul"]
[Result "0-1"]
[WhiteElo "1803"]
[BlackElo "1978"]
[PlyCount "158"]
[EventDate "2018.02.14"]
[EventType "swiss"]
[EventRounds "9"]
[EventCountry "BAN"]
[SourceTitle "EXT 2024"]
[Source "ChessBase"]
[SourceDate "2023.10.10"]
[SourceVersion "1"]
[SourceVersionDate "2023.10.10"]
[SourceQuality "1"]

1. e4 e5 2. Nf3 Nc6 3. Bc4 Nf6 4. d3 Be7 5. h3 0-0 6. 0-0 d6 7. a3 h6 8. Nc3 Be6 9. Ba2 Qd7 10. Nh2 g5 11. Bxe6 Qxe6 12. Be3 Kh7 13. Qf3 Rg8 14. Nd5 Bd8 15. Ng4 Nxg4 16. Qxg4 Qxg4 17. hxg4 Kg6 18. f3 Ne7 19. Nxe7+ Bxe7 20. Kf2 c6 21. Rh1 d5 22. c3 a5 23. g3 Bd6 24. Rh5 f6 25. Rhh1 a4 26. Bd2 Rgd8 27. Rhd1 Rd7 28. Ke2 Rh7 29. Rh1 Rd8 30. Rac1 Rhd7 31. Rcd1 Bc5 32. Bc1 b5 33. Rd2 Bf8 34. Rc2 c5 35. Bd2 c4 36. dxc4 bxc4 37. exd5 Rxd5 38. Be3 Rd3 39. Rd2 Rxd2+ 40. Bxd2 Rb8 41. Bc1 Bc5 42. Rd1 Rc8 43. Rd7 f5 44. gxf5+ Kxf5 45. g4+ Ke6 46. Rh7 Bf8 47. Ra7 e4 48. f4 gxf4 49. Bxf4 Rc5 50. Ra8 Kf7 51. Rxa4 Rc6 52. Ra5 Rb6 53. Bc1 Rg6 54. g5 h5 55. Bf4 Rb6 56. Bc1 h4 57. Rf5+ Kg7 58. Rf4 h3 59. Rh4 Kg6 60. Rxh3 Kf5 61. Rh8 Be7 62. Rh7 Bc5 63. Rd7 Ke5 64. Rf7 e3 65. Rf3 Ke4 66. Rf6 Rb8 67. Rc6 Kd5 68. Rg6 Rh8 69. Rh6 Rf8 70. Bxe3 Rb8 71. Bc1 Re8+ 72. Kd2 Be3+ 73. Kd1 Bf2 74. Rh3 Re1+ 75. Kc2 Re2+ 76. Kb1 Re1 77. Rf3 Bh4 78. Rh3 Bxg5 79. Ka2 Bxc1 0-1